| 000 | 00793nam a22002297a 4500 | ||
|---|---|---|---|
| 999 |
_c14617 _d14617 |
||
| 003 | AR-CdUCM | ||
| 008 | 190423b ||||| |||| 00| 0 spa d | ||
| 020 | _a978-84-675-4504-3 | ||
| 040 |
_aMUNICIPALIDAD PROVINCIAL DEL CUSCO _cBIBLIOTECA MUNICIPAL DEL CUSCO |
||
| 082 |
_24ed. _aPI / 376.1 / _bM83 |
||
| 100 |
_aMoroney, Trace _933288 |
||
| 245 | _aCosas que me gustan de ir a dormir / | ||
| 260 |
_aMadrid : _bEdiciones SM, _c2016. |
||
| 300 |
_a20 paginas ; _bIlustraciones _c25 cm. |
||
| 500 | _aTitulo original :The things i love abaut bedtime | ||
| 650 |
_aCuentos infantiles del sueño _933468 |
||
| 650 |
_aCuento para niños _933323 |
||
| 650 |
_aAntes de dormir _933469 |
||
| 700 |
_aTellechea, Teresa (Traducción) _933324 |
||
| 942 |
_2ddc _cLIBROS |
||
| 945 |
_awnts _d2019-04-24 |
||